| 000 -ლიდერი |
| ფიქსირებული სიგრძის საკონტროლო ველი |
00923nam a2200229Ia 4500 |
| 001 - საკონტროლო ნომერი |
| საკონტროლო ველი |
2872 |
| 003 - საკონტროლო ნომრის იდენტიფიკატორი |
| საკონტროლო ველი |
GE_BSU |
| 005 - ბოლო ოპერაციის თარიღი და დრო |
| საკონტროლო ველი |
20190506120940.0 |
| 008 - ფიქსირებული სიგრძის მონაცემთა ელემენტები - ზოგადი ინფორმაცია |
| ფიქსირებული სიგრძის საკონტროლო ველი |
181216s2005||||ge |||||||||||||| ||geo|| |
| 040 ## - კატალოგიზაციის წყარო |
| Transcribing agency |
GE_BSU |
| 041 ## - ენის კოდი |
| Language code of text/sound track or separate title |
geo |
| 080 ## - უნივერსალური ათობითი კლასიფიკაციის ინდექსი |
| Universal Decimal Classification number |
657.07(075.8)+33.07 კ–91 |
| 100 ## - მთავარი ჩანაწერი - პიროვნების სახელი |
| Personal name |
კუპრეიშვილი , ელგუჯა |
| 9 (RLIN) |
756 |
| 245 ## - ცნობა სათაურის შესახებ |
| Title |
ბუღალტრული აღრიცხვის კურსი / |
| Statement of responsibility, etc |
ელგუჯა კუპრეიშვილი ; რედ : იაკობ მესხია |
| 264 ## - წარმოების, გამოცემის, დისტრიბუციის და სხვა ცნობები |
| გამოცემის, წარმოების, დისტრიბუციის... ადგილი |
თბილისი . : |
| გამოცემის, წარმოების, დისტრიბუციის... სახელწოდება |
ინოვაცია, |
| გამოცემის, წარმოების, დისტრიბუციის... თარიღი |
2005. |
| 300 ## - ფიზიკური აღწერა |
| Extent |
340 გვ ; |
| Dimensions |
20 სმ. |
| 653 ## - INDEX TERM--UNCONTROLLED |
| Uncontrolled term |
ბუღალტრული აღრიცხვის კურსი |
| 653 ## - INDEX TERM--UNCONTROLLED |
| Uncontrolled term |
ბუღალტერია |
| 700 ## - ADDED ENTRY--PERSONAL NAME |
| Personal name |
მესხია, იაკობ |
| Relator term |
რედაქტორი |
| 9 (RLIN) |
565 |
| 942 ## - ADDED ENTRY ELEMENTS (KOHA) |
| Koha item type |
წიგნი |
| Source of classification or shelving scheme |
|